Business Environment (Record no. 84873)

MARC details
000 -LEADER
fixed length control field 00539nam a2200217Ia 4500
005 - DATE AND TIME OF LATEST TRANSACTION
control field 20230317142237.0
008 - FIXED-LENGTH DATA ELEMENTS--GENERAL INFORMATION
fixed length control field 230125s9999 xx 000 0 und d
020 ## - INTERNATIONAL STANDARD BOOK NUMBER
International Standard Book Number 978-81-317-3158-1
041 ## - LANGUAGE CODE
Language code of text/sound track or separate title eng
082 ## - DEWEY DECIMAL CLASSIFICATION NUMBER
Classification number 338.09
Item number FER
100 ## - MAIN ENTRY--PERSONAL NAME
Author Fernando A C
245 ## - TITLE STATEMENT
Title Business Environment
260 ## - PUBLICATION, DISTRIBUTION, ETC.
Date of publication, distribution, etc. 2011
Name of publisher, distributor, etc. Pearson Education
Place of publication, distribution, etc. New Delhi
300 ## - PHYSICAL DESCRIPTION
Extent 663p
500 ## - GENERAL NOTE
Keywords Business Environment<br/>
650 ## - SUBJECT ADDED ENTRY--TOPICAL TERM
Topical term or geographic name entry element Economics
700 ## - ADDED ENTRY--PERSONAL NAME
Personal name Fernando A C
942 ## - ADDED ENTRY ELEMENTS (KOHA)
Koha item type Books
906 ## - LOCAL DATA ELEMENT F, LDF (RLIN)
b 120
Holdings
Withdrawn status Lost status Damaged status Not for loan Home library Current library Date acquired Vendor Net Price Bill number Total Checkouts Full call number Barcode Date last seen Actual Price Bill Date Koha item type Original Barcode
        Smt. Hiraben Nanavati Institute of Management & Research for Women Smt. Hiraben Nanavati Institute of Management & Research for Women 21/07/2011 Pritam Book Centre 480.00 7559   338.09 FER B10565 HIMR-BK-10565 25/01/2023 360.00 19/07/2011 Books B10565
        Smt. Hiraben Nanavati Institute of Management & Research for Women Smt. Hiraben Nanavati Institute of Management & Research for Women 21/07/2011 Pritam Book Centre 480.00 7559   338.09 FER B10566 HIMR-BK-10566 25/01/2023 360.00 19/07/2011 Books B10566
        Smt. Hiraben Nanavati Institute of Management & Research for Women Smt. Hiraben Nanavati Institute of Management & Research for Women 21/07/2011 Pritam Book Centre 480.00 7559   338.09 FER B10564 HIMR-BK-10564 25/01/2023 360.00 19/07/2011 Books B10564